| 000 | 00976cam a2200301 i 4500 | ||
|---|---|---|---|
| 003 | DO-SdBNP | ||
| 005 | 20250702100928.0 | ||
| 007 | ta | ||
| 008 | 751003s2017 sp 000 f spa d | ||
| 020 | _a9788491048954 | ||
| 040 |
_aDO-SdBNP _bspa _cBNPHU _erda |
||
| 082 | 4 |
_a823.7 _bB869 _222 |
|
| 100 | 1 |
_aAusten, Jane, _d1775-1817 _938178 |
|
| 240 | 1 | 0 |
_aAgnes Grey _lEspañol |
| 245 | 1 | 0 |
_aAgnes Grey / _cAnne Brontë; traducción de Elizabeth Power |
| 250 | _a2a. edición | ||
| 264 | 1 |
_aMadrid, España : _bAlianza editorial, _c2017. |
|
| 300 |
_a263 páginas _c22 cm. |
||
| 336 |
_2rdacontent _atexto _btxt |
||
| 337 |
_2rdamedia _asin mediación _bn |
||
| 338 |
_2rdacarrier _avolumen _bnc |
||
| 500 | _aLas novelas de las hermanas Brontë y el relato de su vida, es una edición limitada. | ||
| 534 | _aPride And prejudice | ||
| 590 | _aInventariado, 2023/ YL | ||
| 700 | 1 |
_aPower, Elizabeth _etraducción _942669 |
|
| 910 | _aYlockward | ||
| 942 |
_2ddc _cLBS1 |
||
| 999 |
_c55055 _d55055 |
||